| 000 | 00659nam a2200229Ia 4500 | ||
|---|---|---|---|
| 001 | dia_997 | ||
| 003 | CHAP | ||
| 005 | 20230118134645.0 | ||
| 008 | 220117s1972 xx 000 0 und d | ||
| 010 | _a171546 | ||
| 040 | _cCHAP | ||
| 082 | _a338.14 K6 | ||
| 100 |
_aKolhls, Richard L. _9149753 |
||
| 245 |
_aMarketing of Agricultural Products / _c by Richard L. Kolhls and Joseph N. |
||
| 260 |
_aNew york, Collier Macmillan International _c1972 |
||
| 300 | _a612 p | ||
| 600 |
_a1.Productos AgrÃcolas _9149754 |
||
| 901 | _a338.14 K6 | ||
| 902 | _aM | ||
| 905 | _a0000001972 NEWA 0000000000ENG00 | ||
| 942 |
_cLIBRO _2ddc |
||
| 999 |
_c171546 _d171546 |
||